<?xml version="1.0" encoding="UTF-8"?>
<record
    xmlns:xsi="http://www.w3.org/2001/XMLSchema-instance"
    xsi:schemaLocation="http://www.loc.gov/MARC21/slim http://www.loc.gov/standards/marcxml/schema/MARC21slim.xsd"
    xmlns="http://www.loc.gov/MARC21/slim">

  <leader>00739nam a22001577a 4500</leader>
  <controlfield tag="003">OSt</controlfield>
  <controlfield tag="005">20161127111152.0</controlfield>
  <controlfield tag="008">161127b        xxu||||| |||| 00| 0 eng d</controlfield>
  <datafield tag="040" ind1=" " ind2=" ">
    <subfield code="c">RUA</subfield>
  </datafield>
  <datafield tag="082" ind1=" " ind2=" ">
    <subfield code="a">AGR LIM B541 2014 Or.1</subfield>
  </datafield>
  <datafield tag="100" ind1=" " ind2=" ">
    <subfield code="9">11410</subfield>
    <subfield code="a">LIM DORICH; &#x179B;&#x17B9;&#x1798;&#x200B;&#x178A;&#x17BC;&#x179A;&#x17B8;&#x179F;&#x17D2;&#x1785;</subfield>
  </datafield>
  <datafield tag="245" ind1=" " ind2=" ">
    <subfield code="a">Effect of calcium nitrate dosege to the growth of celery cabbage VIA hydroponic; &#x17A5;&#x1791;&#x17D2;&#x1792;&#x17B7;&#x1796;&#x179B;&#x1793;&#x17C3;&#x1780;&#x17C6;&#x17A0;&#x17B6;&#x1794;&#x17CB;&#x1780;&#x17B6;&#x179B;&#x17CB;&#x179F;&#x17D2;&#x1799;&#x17BC;&#x1793;&#x1793;&#x17B8;&#x178F;&#x17D2;&#x179A;&#x17B6;&#x178F;&#x179B;&#x17BE;&#x1780;&#x17B6;&#x178F;&#x179B;&#x17BC;&#x178F;&#x179B;&#x17B6;&#x179F;&#x17CB;&#x178A;&#x17C6;&#x178E;&#x17B6;&#x17C6;&#x179F;&#x17D2;&#x1796;&#x17C3;&#x1785;&#x1784;&#x17D2;&#x1780;&#x17B9;&#x17C7; &#x178A;&#x17B6;&#x17C6;&#x178F;&#x17B6;&#x1798;&#x1794;&#x1785;&#x17D2;&#x1785;&#x17C1;&#x1780;&#x1791;&#x17C1;&#x179F;&#x17A2;&#x17CA;&#x17B8;&#x178A;&#x17D2;&#x179A;&#x17BC;&#x1794;&#x17C9;&#x17BC;&#x1793;&#x17B7;&#x1785;</subfield>
  </datafield>
  <datafield tag="260" ind1=" " ind2=" ">
    <subfield code="a">Phnom Penh</subfield>
    <subfield code="b">RUA</subfield>
    <subfield code="c">2014</subfield>
  </datafield>
  <datafield tag="300" ind1=" " ind2=" ">
    <subfield code="a">ix; 47p;</subfield>
    <subfield code="b">ill;</subfield>
    <subfield code="c">29cm;</subfield>
  </datafield>
  <datafield tag="942" ind1=" " ind2=" ">
    <subfield code="2">ddc</subfield>
    <subfield code="c">AGR</subfield>
  </datafield>
  <datafield tag="999" ind1=" " ind2=" ">
    <subfield code="c">10967</subfield>
    <subfield code="d">10967</subfield>
  </datafield>
  <datafield tag="952" ind1=" " ind2=" ">
    <subfield code="0">0</subfield>
    <subfield code="1">0</subfield>
    <subfield code="2">ddc</subfield>
    <subfield code="4">0</subfield>
    <subfield code="6">AGR_LIM_B541_2014_000000000000000_OR_1</subfield>
    <subfield code="7">0</subfield>
    <subfield code="9">57873</subfield>
    <subfield code="a">LBB</subfield>
    <subfield code="b">LBB</subfield>
    <subfield code="c">B541</subfield>
    <subfield code="d">2016-11-27</subfield>
    <subfield code="o">AGR LIM B541 2014 Or.1</subfield>
    <subfield code="p">A05079</subfield>
    <subfield code="r">2016-11-27</subfield>
    <subfield code="w">2016-11-27</subfield>
    <subfield code="y">AGR</subfield>
  </datafield>
  <datafield tag="952" ind1=" " ind2=" ">
    <subfield code="0">0</subfield>
    <subfield code="1">0</subfield>
    <subfield code="2">ddc</subfield>
    <subfield code="4">0</subfield>
    <subfield code="6">AGR_LIM_B541_2014_000000000000000_OR_2</subfield>
    <subfield code="7">0</subfield>
    <subfield code="9">57874</subfield>
    <subfield code="a">LBB</subfield>
    <subfield code="b">LBB</subfield>
    <subfield code="c">B541</subfield>
    <subfield code="d">2016-11-27</subfield>
    <subfield code="o">AGR LIM B541 2014 Or.2</subfield>
    <subfield code="p">A05097</subfield>
    <subfield code="r">2016-11-27</subfield>
    <subfield code="w">2016-11-27</subfield>
    <subfield code="y">AGR</subfield>
  </datafield>
  <datafield tag="952" ind1=" " ind2=" ">
    <subfield code="0">0</subfield>
    <subfield code="1">0</subfield>
    <subfield code="2">ddc</subfield>
    <subfield code="4">0</subfield>
    <subfield code="6">AGR_LIM_B541_2014_000000000000000_OR_3</subfield>
    <subfield code="7">0</subfield>
    <subfield code="9">57875</subfield>
    <subfield code="a">LBB</subfield>
    <subfield code="b">LBB</subfield>
    <subfield code="c">B541</subfield>
    <subfield code="d">2016-11-27</subfield>
    <subfield code="o">AGR LIM B541 2014 Or.3</subfield>
    <subfield code="p">A05363</subfield>
    <subfield code="r">2016-11-27</subfield>
    <subfield code="w">2016-11-27</subfield>
    <subfield code="y">AGR</subfield>
  </datafield>
  <datafield tag="952" ind1=" " ind2=" ">
    <subfield code="0">0</subfield>
    <subfield code="1">0</subfield>
    <subfield code="2">ddc</subfield>
    <subfield code="4">0</subfield>
    <subfield code="6">AGR_LIM_B541_2014_000000000000000_OR_4</subfield>
    <subfield code="7">0</subfield>
    <subfield code="9">57876</subfield>
    <subfield code="a">LBB</subfield>
    <subfield code="b">LBB</subfield>
    <subfield code="c">B541</subfield>
    <subfield code="d">2016-11-27</subfield>
    <subfield code="l">1</subfield>
    <subfield code="o">AGR LIM B541 2014 Or.4</subfield>
    <subfield code="p">A05071</subfield>
    <subfield code="r">2024-01-09</subfield>
    <subfield code="s">2023-12-25</subfield>
    <subfield code="w">2016-11-27</subfield>
    <subfield code="y">AGR</subfield>
  </datafield>
  <datafield tag="952" ind1=" " ind2=" ">
    <subfield code="0">0</subfield>
    <subfield code="1">0</subfield>
    <subfield code="2">ddc</subfield>
    <subfield code="4">0</subfield>
    <subfield code="6">AGR_LIM_B541_2014_000000000000000_OR_5</subfield>
    <subfield code="7">0</subfield>
    <subfield code="9">57877</subfield>
    <subfield code="a">LBB</subfield>
    <subfield code="b">LBB</subfield>
    <subfield code="c">B541</subfield>
    <subfield code="d">2016-11-27</subfield>
    <subfield code="o">AGR LIM B541 2014 Or.5</subfield>
    <subfield code="p">A05246</subfield>
    <subfield code="r">2016-11-27</subfield>
    <subfield code="w">2016-11-27</subfield>
    <subfield code="y">AGR</subfield>
  </datafield>
  <datafield tag="952" ind1=" " ind2=" ">
    <subfield code="0">0</subfield>
    <subfield code="1">0</subfield>
    <subfield code="2">ddc</subfield>
    <subfield code="4">0</subfield>
    <subfield code="6">AGR_LIM_B541_2014_000000000000000_OR_7</subfield>
    <subfield code="7">0</subfield>
    <subfield code="9">57878</subfield>
    <subfield code="a">LBB</subfield>
    <subfield code="b">LBB</subfield>
    <subfield code="c">B541</subfield>
    <subfield code="d">2016-11-27</subfield>
    <subfield code="l">1</subfield>
    <subfield code="o">AGR LIM B541 2014 Or.7</subfield>
    <subfield code="p">A05082</subfield>
    <subfield code="r">2020-08-14</subfield>
    <subfield code="s">2020-05-25</subfield>
    <subfield code="w">2016-11-27</subfield>
    <subfield code="y">AGR</subfield>
  </datafield>
  <datafield tag="952" ind1=" " ind2=" ">
    <subfield code="0">0</subfield>
    <subfield code="1">0</subfield>
    <subfield code="2">ddc</subfield>
    <subfield code="4">0</subfield>
    <subfield code="6">AGR_LIM_B541_2014_000000000000000_OR_6</subfield>
    <subfield code="7">0</subfield>
    <subfield code="9">57879</subfield>
    <subfield code="a">LBB</subfield>
    <subfield code="b">LBB</subfield>
    <subfield code="c">B541</subfield>
    <subfield code="d">2016-11-27</subfield>
    <subfield code="o">AGR LIM B541 2014 Or.6</subfield>
    <subfield code="p">A05537</subfield>
    <subfield code="r">2016-11-27</subfield>
    <subfield code="w">2016-11-27</subfield>
    <subfield code="y">AGR</subfield>
  </datafield>
  <datafield tag="952" ind1=" " ind2=" ">
    <subfield code="0">0</subfield>
    <subfield code="1">0</subfield>
    <subfield code="2">ddc</subfield>
    <subfield code="4">0</subfield>
    <subfield code="6">AGR_LIM_B541_2014_000000000000000_OR_8</subfield>
    <subfield code="7">0</subfield>
    <subfield code="9">57880</subfield>
    <subfield code="a">LBB</subfield>
    <subfield code="b">LBB</subfield>
    <subfield code="c">B541</subfield>
    <subfield code="d">2016-11-27</subfield>
    <subfield code="o">AGR LIM B541 2014 Or.8</subfield>
    <subfield code="p">A05358</subfield>
    <subfield code="r">2016-11-27</subfield>
    <subfield code="w">2016-11-27</subfield>
    <subfield code="y">AGR</subfield>
  </datafield>
</record>
